000 01559namaa22003251i 4500
005 20260412132113.0
008 260407s1995 ua a|||frm||| 000 0 eng d
040 _aEG-GICUC
_beng
_cEG-GICUC
_dEG-GICUC
_erda
041 0 _aeng
_beng
_bara
049 _aDeposit
097 _aPh.D
099 _aCai01.09.12.Ph.D.1995.Am.E.
100 0 _aAmina Abd El Latif Zaki,
_epreparation.
245 1 0 _aThe Effect Of Some Factors On THe Color OF Ceramometal And Newly Introduced All- Ceramic Restorations /
_cBy Amina Abd El Latif Zaki; Superisors Dr. Hany Halim Nasr, Dr. Amal Benyamin Amera, Dr. Suzan Mahmoud El Sayed.
246 1 5 _aتأثير بعض العوامل على تطابق لون الاستعاضات السنية المثبتة المصنوعة من البورسلين ومن السبائك المعدنية المطلية بالبورسلين
264 0 _c1995.
300 _a149 Leaves :
_billustrations ;
_c30 cm. +
336 _2rda content
_atext
337 _2rdamedia
_aUnmediated
338 _2rdacarrier
_avolume
502 _aThesis (Ph.D)-Cairo University, 1995.
504 _aBibliography: pages 136-149.
653 0 _aOral Surgery
700 0 _aHany Halim Nasr
_ethesis advisor.
700 0 _aAmal Benyamin Amera
_ethesis advisor.
700 0 _aSuzan Mahmoud El Sayed
_ethesis advisor.
900 _DDepartment of Oral Surgery
_FFaculty of Oral And Dental Medicine
_UCairo University
_b1995
_cHany Halim Nasr
_cAmal Benyamin Amera
_cSuzan Mahmoud El Sayed
905 _aEman El gebaly
_eNourhan
942 _2ddc
_cTH
_e21
_n0
999 _c179248